Geografia agraria. tipos de cultivos... /

Guardado en:
Autor Principal: Faucher, Daniel
Formato: Libro
Publicado: Barcelona : Omega, 1953
Materias:
Etiquetas: Agregar Etiqueta
Sin Etiquetas, Sea el primero en etiquetar este registro!
LEADER 00558nam a22001815a 4500
001 CEM.cems015857
008 130507s1953##################000#0#####d
005 20210823203620.0
003 CEMS
245 1 0 |a Geografia agraria. tipos de cultivos... /  |c Daniel Faucher, 
260 |a Barcelona :  |b Omega,  |c 1953 
300 |a 354 p. 
100 1 |a Faucher, Daniel 
082 0 4 |a 630.9 
653 |a Cultivos 
653 |a Geografía agrícola 
859 |a CEMS  |b BIB. CEMS - Agricultura  |h 630.9  |i F271  |p A3263.74  |t Ej.1 
859 |a CEMS  |b BIB. CEMS - Agricultura  |h 630.9  |i F271  |p A0546.04  |t Ej.2